Statistics for Destinations from Christchurch Airport (CHC)

Click here to take the quiz!

General Stats

  • This quiz has been taken 96 times
  • The average score is 17 of 26

Answer Stats

Carrier(s)City% Correct
Air New Zealand, Jetstar AirwaysAuckland
100%
Air New Zealand, Jetstar Airways, Qantas, Virgin AustraliaMelbourne
99%
Air New Zealand, Emirates, Jetstar Airways, Qantas, Virgin AustraliaSydney
99%
Cathay PacificHong Kong
97%
Air New Zealand, Air New Zealand Link, Jetstar AirwaysWellington
97%
Air New Zealand, Qantas, Virgin AustraliaBrisbane
94%
EmiratesDubai
91%
Air New Zealand, Singapore AirlinesSingapore
91%
Air New ZealandPerth
89%
China Southern AirlinesGuangzhou
80%
Air New Zealand, Air New Zealand LinkDunedin
74%
Air New Zealand, Jetstar AirwaysGold Coast
74%
Air New Zealand, Fiji AirwaysNadi
70%
Air New Zealand, Air New Zealand LinkQueenstown
66%
Air New Zealand LinkNelson
60%
Air New Zealand LinkHamilton
54%
Air ChathamsChatham Islands
50%
Air New Zealand LinkNapier
50%
Air New Zealand LinkPalmerston North
50%
Air New Zealand LinkInvercargill
49%
Air New Zealand LinkNew Plymouth
44%
Air New Zealand LinkRotorua
40%
Sounds AirBlenheim
37%
Air New Zealand LinkTauranga
37%
Virgin AustraliaRarotonga
29%
Air New Zealand LinkHokitika
27%

Score Distribution

Percentile by Number Answered

Percent of People with Each Score

Your Score History

You have not taken this quiz